Bábel tornyán

Elmentve itt :
Bibliográfiai részletek
Szerző: Takács József
Dokumentumtípus: Cikk
Megjelent: 1984
Sorozat:Harmadkor
Kulcsszavak:Magyar irodalom története
Tárgyszavak:
Online Access:http://acta.bibl.u-szeged.hu/8076
LEADER 00637nab a2200205 i 4500
001 acta8076
005 20250623154301.0
008 161015s1984 hu o 000 hun d
022 |a 0237-4951 
040 |a SZTE Egyetemi Kiadványok Repozitórium  |b hun 
041 |a hun 
100 1 |a Takács József 
245 1 0 |a Bábel tornyán  |h [elektronikus dokumentum] /  |c  Takács József 
260 |c 1984 
300 |a 89-92 
490 0 |a Harmadkor 
650 4 |a Bölcsészettudományok 
650 4 |a Nyelvek és irodalom 
695 |a Magyar irodalom története 
856 4 0 |u http://acta.bibl.u-szeged.hu/8076/1/harmadkor_001_089-092.pdf  |z Dokumentum-elérés